QCM Malcolm - Statistiques

Statistiques générales
  • Ce quiz a été pris 409 fois
  • Le résultat moyen est 14 sur 20
Statistiques - réponses
Question Réponse % Correct
En l absence de Malcolm qui est à l hôpital, à quel jeu ressemblant à Risk joue le reste de la famille toute la nuit ? Continents & Conquérants
92%
Dewey obtient le rôle principal d une comédie musicale que personne ne vient voir. Quel personnage incarne t il ? Lincoln
89%
Dans l épisode où Loïs imagine n avoir que des filles, quel personnage est le seul à jouer sa version féminine ? Francis
86%
Qui participe a un concours de patience pour gagner un 4x4 ? Loïs
85%
Comment s appelle le camarade de classe de Dewey qui mord son professeur ? Chad
84%
Comment s appelle le hamster de la classe de Dewey ? Bernard
82%
Malcolm offre à Loïs deux places pour aller voir à Vegas le show d un crooner ringard. Quel est le nom de ce chanteur ? Boone Vincent
82%
Qu est ce qui tombe du ciel par miracle sous les yeux de Dewey et Malcolm ? Un matelas flambant neuf
74%
Qu a promis Hal à Francis pour ses 21 ans ? Une ballade à Moto
73%
De quel jour de la semaine apprend on que Hal n a jamais été travaillé une seule fois pendant 15 ans lors d un procès ? Vendredi
73%
Quelle est la seule distraction de Francis et deux de ses collègues, coincés lors d une tempête en Alaska ? Une cordelette
72%
Pour offrir un Noël au ski à toute la famille, que vole Hal en dernier recours ? La carte de crédit de Malcolm
69%
En rivalité avec son voisin sur la mise en scène, que commémore Hal devant sa maison ? Pearl Harbor
66%
Comment s appelle le capucin majordome de Craig ? Oliver
65%
Que vend Reese dans son emploi de démarcheur téléphonique ? Des purificateurs d air
64%
Qui remporte la 1ere partie de ce jeu ? Loïs
55%
Dans quel pays Reese fuit il un combat ? Afghanistan
53%
Toujours dans cette épisode, si Reese est Renée, Malcolm est Mallory et Francis est Frances, comment s appelle Dewey ? Daisy
51%
Comment s appelle le père de Hal ? Walter
51%
Comment s appelle la fille que kidnappe (ou accompagne malgré sa volonté) Reese lors d une leçon d auto école ? Jackie
44%
Aucun quiz correspondant
Distribution des résultats
% des personnes avec chaque résultat
Percentile par nombre de réponses
Votre historique - résultats
Vous n’avez pas pris ce quiz